Šero Profil na seznamce. Dvě mrtvé ženy. Kdo bude další oběť?

Saved in:
Bibliographic Details
Main Author Saudková, Sára
Format Electronic eBook
LanguageCzech
Published Cosmopolis 2026
Edition1. elektronické vydání
Subjects
Online AccessDostupné v BOOKPORT po přihlášení pomocí eduID
ISBN978-80-271-6318-2
978-80-247-5112-2
Physical Description1 online zdroj (296 stran)

Cover

LEADER 00000nam a2200000 i 4500
001 bkp15440
003 CZ-prgp
005 20260525094332.0
006 m o d
007 cr cn
008 260525s2026 xr o 000 1 cze
020 |a 978-80-271-6318-2  |c 322 Kč  |q (online ; epub) 
020 |a 978-80-247-5112-2  |c 379 Kč  |q (print) 
040 |a Grada  |b cze  |e rda 
100 1 |a Saudková, Sára 
245 1 0 |a Šero  |b Profil na seznamce. Dvě mrtvé ženy. Kdo bude další oběť?  |c Sára Saudková 
250 |a 1. elektronické vydání 
264 1 |b Cosmopolis  |c 2026 
300 |a 1 online zdroj (296 stran) 
336 |a text  |b txt  |2 rdacontent 
337 |a počítač  |b c  |2 rdamedia 
338 |a online zdroj  |b cr  |2 rdacarrier 
520 3 |a Psychologicko-kriminální thriller Šero vás zavede do zrádného prostředí seznamovacích aplikací. Kriminalistka Oldřiška se svou partou vyšetřuje záhadné, rituálně provedené vraždy mladých žen. Jaká je mezi nimi souvislost? 
650 0 4 |a Dobrodružství, napětí, thrillery 
650 0 4 |a Česká současná beletrie 
650 0 4 |a Krimi, detektivky 
856 4 0 |u https://www.bookport.cz/AccountSaml/SignIn/?idp=https://shibboleth.utb.cz/idp/shibboleth&returnUrl=/kniha/sero-16125/  |y Dostupné v BOOKPORT po přihlášení pomocí eduID